000 00526 a2200157 4500
020 _a 8177584790
040 _aDLC
_bDLC
082 _a621.367
100 _aAnnadurai, S.
245 _aFundamentals of digital image processing
_cS. Annadurai & R. Shanmugalakshmi
260 _aNew Delhi:
_bDorling Kindersley (India) Pvt.Ltd.,
_c2007.
300 _axviii, 422p. :
_b ill. ;
_c25 cm.
500 _aIncludes bibliographical references and index
650 _aImage processing--Digital techniques.
942 _cBK
_k621.367 ANN
_2ddc
999 _c8341
_d8341